| 000 | 00524nam a22001817a 4500 | ||
|---|---|---|---|
| 005 | 20241106124340.0 | ||
| 010 | _aENG-141069 | ||
| 020 |
_c129.00 _a9788196563493 |
||
| 035 | _aEN-124601 | ||
| 037 | _bDBAD/PUB | ||
| 082 | _a881 | ||
| 100 |
_aMopura ,Harshitha,Sai _973747 |
||
| 245 |
_aInk out of my pen/ _cSai Harshitha Mopuru |
||
| 260 |
_aAndhra Pradesh _bVinnie Publication _c2023 |
||
| 270 |
_aNellore _bAndhra Pradesh _e524004 |
||
| 300 |
_a114.Pages _c22,(pb) |
||
| 942 |
_2ddc _cEN _h881 _mMOP |
||
| 999 |
_c204588 _d204588 |
||